[Event "Krajsky prebor jednotlivcu KHSS"]
[Site "Janske Lazne"]
[Date "2015.05.05"]
[Round "1.1"]
[White "Vojta, Tomas"]
[Black "Tichy, Miroslav"]
[Result "1-0"]
[WhiteElo "2369"]
[BlackElo "1957"]
[PlyCount "51"]
[EventDate "2015.05.05"]
[WhiteClock "0:28:36"]
[BlackClock "0:22:18"]

1. e4 c5 2. f4 Nc6 3. Nf3 d6 4. Bb5 Bd7 5. O-O Nf6 6. d3 g6 7. Bxc6 bxc6 8. Nc3
Bg7 9. Qe1 Qc7 10. Bd2 Bg4 11. Kh1 Bxf3 12. Rxf3 e6 13. Qh4 O-O-O 14. e5 dxe5
15. fxe5 Rd4 16. Qh3 Ng4 17. Ne2 Ra4 18. d4 h5 19. c3 Rf8 20. Qg3 Qa5 21. h3
Nh6 22. Bxh6 Bxh6 23. Raf1 Rxa2 24. Rxf7 Rg8 25. Qf3 Qa6 26. Rh7 1-0

[Event "Krajsky prebor jednotlivcu KHSS"]
[Site "Janske Lazne"]
[Date "2015.05.05"]
[Round "1.2"]
[White "Peniska, Pavel"]
[Black "Kozusek, Daniel"]
[Result "0-1"]
[WhiteElo "1929"]
[BlackElo "2337"]
[PlyCount "134"]
[EventDate "2015.05.05"]
[WhiteClock "0:01:29"]
[BlackClock "0:36:17"]

1. e4 c5 2. Nc3 a6 3. g3 b5 4. Bg2 Bb7 5. d3 e6 6. Nf3 Nc6 7. O-O g6 8. Be3 d6
9. Ne2 Bg7 10. c3 Nf6 11. h3 O-O 12. Qd2 Re8 13. g4 Qc7 14. Nh4 c4 15. d4 Nb8
16. Ng3 e5 17. dxe5 dxe5 18. Rfd1 Nc6 19. Bh6 Bh8 20. Nhf5 Rad8 21. Qg5 Rxd1+
22. Rxd1 Rd8 23. Re1 Ne8 24. Qc1 f6 25. Ne3 Ne7 26. g5 Bc8 27. gxf6 Nxf6 28.
Bg5 Be6 29. Rd1 Rxd1+ 30. Qxd1 Qd7 31. Qxd7 Bxd7 32. f3 Bg7 33. Ng4 Nxg4 34.
hxg4 Kf7 35. Kf2 Nc6 36. Be3 Bf8 37. Bb6 Bd6 38. Nf1 Ne7 39. g5 Be6 40. Kg3 Ke8
41. Bh3 Kd7 42. Bf2 a5 43. Bxe6+ Kxe6 44. Bb6 a4 45. Nh2 a3 46. bxa3 Bxa3 47.
Be3 Bb2 48. Bd2 b4 49. cxb4 c3 50. Be3 c2 51. b5 c1=Q 52. Bxc1 Bxc1 53. Kg4 Nc8
54. a4 Bd2 55. Nf1 Ba5 56. Ne3 Nb6 57. Kh4 Nxa4 58. Nd5 Nb6 59. Ne3 Bd2 60. Ng2
Kd6 61. Kg4 Nc4 62. f4 exf4 63. Nxf4 Bxf4 64. Kxf4 Ke6 65. e5 Nxe5 66. Ke4 Nf7
67. b6 Kd6 0-1

[Event "Krajsky prebor jednotlivcu KHSS"]
[Site "Janske Lazne"]
[Date "2015.05.05"]
[Round "1.3"]
[White "Karlik, Vladimir"]
[Black "Mladek, Richard"]
[Result "1-0"]
[WhiteElo "2312"]
[BlackElo "1904"]
[PlyCount "83"]
[EventDate "2015.05.05"]
[WhiteClock "0:18:11"]
[BlackClock "0:06:21"]

1. d4 Nf6 2. Nf3 g6 3. Bg5 Bg7 4. Nbd2 d6 5. e4 Nbd7 6. c3 O-O 7. Be2 c5 8. d5
a6 9. a4 Qc7 10. O-O h6 11. Bh4 g5 12. Bg3 Nh5 13. Nc4 Nxg3 14. hxg3 Nf6 15.
Nfd2 e6 16. Ne3 exd5 17. exd5 Bd7 18. a5 Rae8 19. Qc2 Re5 20. Ndc4 Re7 21. Nb6
Rfe8 22. Bd3 Ne4 23. Bxe4 Rxe4 24. Nxd7 Qxd7 25. g4 c4 26. Rfe1 Qb5 27. Re2 Qc5
28. Rae1 Be5 29. Kf1 Bg7 30. Nf5 Rxe2 31. Rxe2 Rxe2 32. Qxe2 Qxa5 33. g3 Qa4
34. Nxd6 b5 35. Qe8+ Kh7 36. Qxf7 Qa1+ 37. Kg2 Qxb2 38. Ne4 Kh8 39. d6 Qe2 40.
Qe8+ Kh7 41. Nxg5+ hxg5 42. Qxe2 1-0

[Event "Krajsky prebor jednotlivcu KHSS"]
[Site "Janske Lazne"]
[Date "2015.05.05"]
[Round "1.4"]
[White "Stanek, Petr"]
[Black "Kowalczyk, Pawel"]
[Result "0-1"]
[WhiteElo "1902"]
[BlackElo "2292"]
[PlyCount "48"]
[EventDate "2015.05.05"]
[WhiteClock "0:14:38"]
[BlackClock "1:00:32"]

1. e4 c5 2. Nc3 Nc6 3. g3 g6 4. f4 Bg7 5. Bg2 Rb8 6. Nf3 b5 7. d3 b4 8. Ne2 d5
9. e5 f6 10. d4 fxe5 11. dxe5 Nh6 12. O-O O-O 13. Ng5 e6 14. c4 bxc3 15. bxc3
Nf7 16. Nf3 Ba6 17. Re1 Qa5 18. Qc2 Rfd8 19. Nd2 Bf8 20. Kf2 Nh6 21. h3 Nf5 22.
Ng1 c4 23. g4 Bc5+ 24. Kf3 Ncd4+ 0-1

[Event "Krajsky prebor jednotlivcu KHSS"]
[Site "Janske Lazne"]
[Date "2015.05.05"]
[Round "1.5"]
[White "Tazlar, Petr"]
[Black "Peroutka, Ivo"]
[Result "1-0"]
[WhiteElo "2229"]
[BlackElo "1877"]
[PlyCount "91"]
[EventDate "2015.05.05"]
[WhiteClock "0:39:02"]
[BlackClock "0:16:26"]

1. d4 Nf6 2. Nf3 e6 3. c4 d5 4. Nc3 Bb4 5. cxd5 exd5 6. Bg5 O-O 7. Qc2 Nc6 8.
e3 Re8 9. Be2 h6 10. Bh4 Bg4 11. O-O Bxc3 12. bxc3 Qd6 13. Bg3 Qd7 14. c4 Ne4
15. Rab1 Nxg3 16. hxg3 Rab8 17. cxd5 Qxd5 18. Bc4 Qd7 19. Bd3 Bxf3 20. gxf3 Nd8
21. Rfc1 c6 22. Kg2 Ne6 23. Bf5 Qd5 24. Be4 Qd6 25. f4 Qe7 26. Bf3 Qd6 27. Rb3
Nc7 28. Qb2 b6 29. Rxc6 Qe7 30. Rbc3 Ne6 31. Bd5 Qd7 32. Bb3 Rb7 33. Qc2 Nc5
34. d5 h5 35. f3 a5 36. R6xc5 bxc5 37. Ba4 Qe7 38. Bxe8 Qxe8 39. Rxc5 Rb8 40.
e4 a4 41. a3 Qd7 42. e5 Kf8 43. f5 Qb7 44. e6 Qb1 45. Rc8+ Ke7 46. Qc7+ 1-0

[Event "Krajsky prebor jednotlivcu KHSS"]
[Site "Janske Lazne"]
[Date "2015.05.05"]
[Round "1.6"]
[White "Portych, Vaclav"]
[Black "Moravec, Vit"]
[Result "0-1"]
[WhiteElo "1877"]
[BlackElo "2222"]
[PlyCount "156"]
[EventDate "2015.05.05"]
[WhiteClock "0:12:25"]
[BlackClock "0:03:31"]

1. c4 c5 2. Nf3 g6 3. g3 Bg7 4. Bg2 e6 5. O-O Nc6 6. e3 Nge7 7. d4 cxd4 8. Nxd4
Nxd4 9. exd4 d5 10. cxd5 Nxd5 11. Nc3 Nxc3 12. bxc3 O-O 13. Be3 Qa5 14. Qb3 Rb8
15. Qb4 Qh5 16. Qd6 Ra8 17. Rfb1 Qa5 18. Bxb7 Bxb7 19. Rxb7 Qxc3 20. Rc1 Qa5
21. Rcc7 Qxa2 22. Qf4 e5 23. dxe5 Rad8 24. Qc4 Qxc4 25. Rxc4 Bxe5 26. Rxa7 h5
27. h4 Rfe8 28. Rb4 Bxg3 29. Bg5 Bb8 30. Re7 Rxe7 31. Bxe7 Rd1+ 32. Kg2 Bd6 33.
Bxd6 Rxd6 34. Ra4 Rd3 35. Rb4 Kg7 36. Ra4 Kf6 37. f3 Rd5 38. Kg3 Ke6 39. Rb4 f6
40. Ra4 g5 41. Rb4 Kf5 42. Ra4 Re5 43. Rb4 Re1 44. Rb5+ Kg6 45. Kf2 Rd1 46.
hxg5 fxg5 47. Rb6+ Kf5 48. Rb5+ Kf6 49. Kg3 h4+ 50. Kh3 Rd4 51. Ra5 Kg6 52. Rb5
Rf4 53. Kg2 Rf5 54. Rb6+ Rf6 55. Rb5 Rd6 56. Ra5 Rd2+ 57. Kh3 Rf2 58. Ra6+ Kf5
59. Ra5+ Kf4 60. Ra4+ Kxf3 61. Ra3+ Ke4 62. Ra4+ Kd3 63. Ra3+ Kc4 64. Ra4+ Kb5
65. Rd4 Kc5 66. Rd3 Rf4 67. Rd8 Rf3+ 68. Kg2 g4 69. Rc8+ Kd4 70. Ra8 h3+ 71.
Kh2 Ke3 72. Re8+ Kf2 73. Rg8 g3+ 74. Kxh3 Rf7 75. Ra8 Rh7+ 76. Kg4 g2 77. Ra2+
Kg1 78. Kg3 Kh1 0-1

[Event "Krajsky prebor jednotlivcu KHSS"]
[Site "Janske Lazne"]
[Date "2015.05.05"]
[Round "1.7"]
[White "Soural, Jan"]
[Black "Kotyza, Bohumil"]
[Result "1/2-1/2"]
[WhiteElo "2211"]
[BlackElo "1872"]
[PlyCount "84"]
[EventDate "2015.05.05"]
[WhiteClock "0:02:05"]
[BlackClock "1:11:10"]

1. d4 Nf6 2. c4 e6 3. Nc3 d5 4. cxd5 exd5 5. Bg5 c6 6. e3 Nbd7 7. Bd3 Qa5 8.
Nge2 Bd6 9. Qc2 O-O 10. O-O Re8 11. a3 Qc7 12. Bf4 Bxf4 13. Nxf4 Qd6 14. Rae1
Nf8 15. Nce2 Ng6 16. Nxg6 hxg6 17. Qc5 Qxc5 18. dxc5 Ne4 19. Rc1 Bf5 20. Rfd1
Nf6 21. Nd4 Bxd3 22. Rxd3 Re7 23. Kf1 Rae8 24. b4 Ng4 25. Nf3 Ne5 26. Nxe5 Rxe5
27. Rd4 Re4 28. Rcd1 f5 29. Rxe4 Rxe4 30. Rd4 Kf7 31. Ke2 Re8 32. Kd3 Ra8 33.
Kc3 a5 34. Kb3 Kf6 35. b5 cxb5 36. Rxd5 Ra6 37. a4 b4 38. Rd7 Rc6 39. Rxb7 Rxc5
40. Rb6+ Kf7 41. Rb7+ Kf6 42. Rb6+ Kf7 1/2-1/2

[Event "Krajsky prebor jednotlivcu KHSS"]
[Site "Janske Lazne"]
[Date "2015.05.05"]
[Round "1.8"]
[White "Havelka, Petr"]
[Black "Jedlicka, Lubos"]
[Result "0-1"]
[WhiteElo "1859"]
[BlackElo "2210"]
[PlyCount "52"]
[EventDate "2015.05.05"]
[WhiteClock "0:01:06"]
[BlackClock "0:26:12"]

1. d4 c5 2. e3 g6 3. Nf3 Bg7 4. Be2 Nf6 5. c4 O-O 6. O-O b6 7. Nc3 d6 8. d5 e6
9. e4 exd5 10. exd5 Bg4 11. Bg5 Nbd7 12. Ne4 h6 13. Nxf6+ Nxf6 14. Be3 Qd7 15.
Qc2 b5 16. Rad1 bxc4 17. Qxc4 Rab8 18. b3 a5 19. Qc1 Kh7 20. Qc2 Rfe8 21. Rfe1
Ne4 22. Bd2 Nxd2 23. Qxd2 a4 24. Qf4 Bc3 25. Bb5 Rxe1+ 26. Rxe1 Rxb5 0-1

[Event "Krajsky prebor jednotlivcu KHSS"]
[Site "Janske Lazne"]
[Date "2015.05.05"]
[Round "1.9"]
[White "Smajzr, Martin"]
[Black "Martinovsky, Miroslav"]
[Result "1-0"]
[WhiteElo "2204"]
[BlackElo "1854"]
[PlyCount "125"]
[EventDate "2015.05.05"]

1. e4 c6 2. f4 d5 3. e5 e6 4. Nf3 c5 5. c4 Ne7 6. Nc3 Nbc6 7. b3 b6 8. Bd3 Bb7
9. Qe2 dxc4 10. bxc4 Nd4 11. Qe3 Nef5 12. Bxf5 Nxf5 13. Qe2 Be7 14. Rb1 Bh4+
15. Kd1 O-O 16. Rf1 Be7 17. d3 Qd7 18. Ne1 Rfd8 19. Be3 Ba6 20. Nb5 Bxb5 21.
Rxb5 a6 22. Rb2 b5 23. Rc2 Nxe3+ 24. Qxe3 Rab8 25. Rff2 bxc4 26. Rxc4 Rb1+ 27.
Ke2 Rdb8 28. Kf1 R8b2 29. Rcc2 Rb4 30. Rc1 h6 31. Rxb1 Rxb1 32. Qe4 Qd5 33.
Qxd5 exd5 34. Rc2 g6 35. Ke2 Kf8 36. Nf3 Ke8 37. Nd2 Rb4 38. Kf3 Kd7 39. Nb3
Kc6 40. g4 Kb5 41. Nc1 a5 42. Ne2 Kc6 43. Rc3 Rb2 44. a3 Rb1 45. Rc2 Rh1 46.
Nc1 Kd7 47. Nb3 c4 48. dxc4 dxc4 49. Nxa5 Bxa3 50. Nxc4 Bb4 51. f5 Rf1+ 52. Ke4
Re1+ 53. Ne3 Ba5 54. Rb2 Bc3 55. Rb3 Ba1 56. Kd5 Re2 57. Nc4 Rxh2 58. Rb7+ Kd8
59. Rxf7 gxf5 60. gxf5 Rh4 61. Nd6 Rd4+ 62. Ke6 Bb2 63. Rd7# 1-0

[Event "Krajsky prebor jednotlivcu KHSS"]
[Site "Janske Lazne"]
[Date "2015.05.05"]
[Round "1.10"]
[White "Steiner, Pavel"]
[Black "Cap, Adam"]
[Result "0-1"]
[WhiteElo "1845"]
[BlackElo "2195"]
[PlyCount "44"]
[EventDate "2015.05.05"]

1. e4 e5 2. f4 exf4 3. Nf3 g5 4. h4 g4 5. Ne5 Nf6 6. Nxg4 Nxe4 7. Qf3 d5 8. Nc3
Rg8 9. Nf2 Ng3 10. Rh2 Be6 11. d4 Nc6 12. Bxf4 Nxd4 13. Qd3 Ndf5 14. O-O-O c6
15. Rh3 Bd6 16. Qd2 Qc7 17. Bxd6 Qxd6 18. Bd3 O-O-O 19. Nh1 Rde8 20. Re1 d4 21.
Ne4 Nxe4 22. Rxe4 Ne3 0-1

[Event "Krajsky prebor jednotlivcu KHSS"]
[Site "Janske Lazne"]
[Date "2015.05.05"]
[Round "1.11"]
[White "Kaderabek, Jiri"]
[Black "Nosek, Jan"]
[Result "1-0"]
[WhiteElo "2171"]
[BlackElo "1833"]
[PlyCount "59"]
[EventDate "2015.05.05"]

1. d4 Nf6 2. Nf3 g6 3. g3 Bg7 4. Bg2 O-O 5. O-O d6 6. Re1 Nbd7 7. e4 e5 8. c3
Qe7 9. Bg5 h6 10. Bxf6 Qxf6 11. Nbd2 Kh7 12. Qb3 Qe7 13. Rad1 a5 14. Nc4 a4 15.
Qa3 Re8 16. Ne3 c6 17. Nc4 Bf8 18. dxe5 dxe5 19. Qxe7 Rxe7 20. Bh3 Nc5 21. Rd8
Bxh3 22. Rxa8 Bg7 23. Nb6 Nd3 24. Re2 Bg4 25. Kg2 Nc1 26. Rd2 Be6 27. Rxa4 Bxa2
28. Rd1 Bb3 29. Rxc1 Bxa4 30. Nxa4 1-0

[Event "Krajsky prebor jednotlivcu KHSS"]
[Site "Janske Lazne"]
[Date "2015.05.05"]
[Round "1.12"]
[White "Solc, Filip"]
[Black "Valenta, Vit"]
[Result "0-1"]
[WhiteElo "1816"]
[BlackElo "2167"]
[PlyCount "88"]
[EventDate "2015.05.05"]

1. e4 c5 2. Nf3 e6 3. d4 cxd4 4. Nxd4 Nf6 5. Nc3 Bb4 6. Bd3 d5 7. exd5 Nxd5 8.
Bd2 Nxc3 9. bxc3 Be7 10. Qf3 Nd7 11. O-O O-O 12. Nb3 Bf6 13. Rfe1 Ne5 14. Rxe5
Bxe5 15. Qe4 Bxh2+ 16. Kxh2 f5 17. Qf4 Qf6 18. Re1 Re8 19. Re5 h6 20. Bxf5 Rf8
21. Bxe6+ Bxe6 22. Qxf6 Rxf6 23. Be3 b6 24. Bd4 Rd8 25. a4 Bd5 26. a5 Rg6 27.
f3 Rd7 28. axb6 axb6 29. Nd2 Re6 30. Rxe6 Bxe6 31. Ne4 b5 32. Kg3 Ba2 33. Kf4
Bb1 34. Ke3 Bxc2 35. Nc5 Re7+ 36. Kd2 Bg6 37. Nb3 Bf7 38. Nc1 Bc4 39. f4 Kf7
40. Nd3 Ke6 41. Ne5 Kd5 42. Ke3 Re8 43. g4 g5 44. f5 Rxe5+ 0-1

[Event "Krajsky prebor jednotlivcu KHSS"]
[Site "Janske Lazne"]
[Date "2015.05.05"]
[Round "1.13"]
[White "Pycha, Patrik"]
[Black "Neubauer, Vilem"]
[Result "1-0"]
[WhiteElo "2142"]
[BlackElo "1797"]
[PlyCount "127"]
[EventDate "2015.05.05"]

1. e4 g6 2. d4 Bg7 3. Nc3 d6 4. Be3 Nf6 5. f3 O-O 6. Qd2 Re8 7. Nge2 Bd7 8. g4
b5 9. Ng3 b4 10. Nce2 a5 11. g5 Nh5 12. Nxh5 gxh5 13. Ng3 h4 14. Nh5 Bh8 15.
Qf2 c5 16. Bc4 Nc6 17. c3 bxc3 18. bxc3 cxd4 19. cxd4 a4 20. O-O e6 21. Qxh4
Ne7 22. Nf6+ Bxf6 23. gxf6 Ng6 24. Qg5 Ra5 25. d5 exd5 26. Bxd5 Re5 27. Qh6
Qxf6 28. f4 Rexd5 29. exd5 Rxd5 30. Rab1 Qg7 31. Rb8+ Nf8+ 32. Qxg7+ Kxg7 33.
Bc1 Ng6 34. Bb2+ Kh6 35. Bf6 Rf5 36. Bg5+ Kg7 37. Rd1 d5 38. Rb7 Be6 39. Re1
Nf8 40. Rb4 h6 41. Be7 Ng6 42. Bd6 Rh5 43. Rxa4 Nh4 44. Re3 Nf5 45. Rxe6 fxe6
46. Be5+ Kf7 47. Ra7+ Ke8 48. Ra3 Rh4 49. Rb3 Rg4+ 50. Kf2 Rh4 51. h3 Ne7 52.
Kg3 Nf5+ 53. Kg2 Ne7 54. Rb6 Nf5 55. Rxe6+ Kd7 56. Rf6 Ne3+ 57. Kg3 Rh5 58. a4
Rf5 59. Rxf5 Nxf5+ 60. Kg4 Ne3+ 61. Kh5 Nc4 62. Bd4 Nd6 63. Kg6 Ke6 64. a5 1-0

[Event "Krajsky prebor jednotlivcu KHSS"]
[Site "Janske Lazne"]
[Date "2015.05.05"]
[Round "1.14"]
[White "Tsapanidis, Vasilis"]
[Black "Safarik, Jakub"]
[Result "0-1"]
[WhiteElo "1795"]
[BlackElo "2138"]
[PlyCount "70"]
[EventDate "2015.05.05"]

1. c4 Nf6 2. Nc3 c5 3. Nf3 Nc6 4. d4 cxd4 5. Nxd4 e5 6. Nxc6 bxc6 7. Bg5 Be7 8.
e3 O-O 9. Be2 Rb8 10. Rb1 Bb7 11. O-O d5 12. cxd5 cxd5 13. Bf3 e4 14. Be2 Qd7
15. Bxf6 Bxf6 16. Nxe4 Be5 17. f4 Qe7 18. Ng5 Bf6 19. Qd3 Bxg5 20. fxg5 Qxg5
21. Rf5 Qg6 22. Bh5 Qe6 23. Bf3 Ba6 24. Qxd5 Qxe3+ 25. Kh1 Bd3 26. Re5 Qxe5 27.
Qxd3 Rxb2 28. Rf1 Rxa2 29. g3 Ra1 30. Bd1 a5 31. Kg2 a4 32. Bc2 g6 33. Rf4 a3
34. Bb3 a2 35. Kh3 Rd1 0-1

[Event "Krajsky prebor jednotlivcu KHSS"]
[Site "Janske Lazne"]
[Date "2015.05.05"]
[Round "1.15"]
[White "Haman, Jakub"]
[Black "Bulockin, Martin"]
[Result "1-0"]
[WhiteElo "2137"]
[BlackElo "1789"]
[PlyCount "67"]
[EventDate "2015.05.05"]

1. e4 e6 2. d4 d5 3. Nd2 dxe4 4. Nxe4 Nd7 5. Nf3 Ngf6 6. Ng3 c5 7. Be3 Qb6 8.
Bd3 cxd4 9. Bxd4 Bc5 10. Bxc5 Nxc5 11. O-O O-O 12. Rb1 Bd7 13. Ne5 Rad8 14. Re1
Bb5 15. Re3 Nxd3 16. cxd3 Rd5 17. Qf3 Qc5 18. Rbe1 Bc6 19. Qe2 Rd4 20. Qf1 Bb5
21. Qe2 Qc7 22. Qf3 Rfd8 23. h3 R8d5 24. Ne2 Rb4 25. Nc3 Rdd4 26. Qe2 Nd5 27.
Rf3 Nf4 28. Qe3 f6 29. Nxb5 Rxb5 30. Qxd4 fxe5 31. Qe4 Qa5 32. Rxf4 Qxa2 33.
Rf3 Qxb2 34. Qc4 1-0

[Event "Krajsky prebor jednotlivcu KHSS"]
[Site "Janske Lazne"]
[Date "2015.05.05"]
[Round "1.16"]
[White "Cerny, David"]
[Black "Juricek, Stanislav"]
[Result "0-1"]
[WhiteElo "1787"]
[BlackElo "2097"]
[PlyCount "126"]
[EventDate "2015.05.05"]

1. e4 e6 2. d4 d5 3. exd5 exd5 4. Bd3 Nc6 5. Ne2 Bd6 6. Nbc3 Nge7 7. Be3 O-O 8.
Nb5 Bf5 9. Nxd6 Qxd6 10. O-O Rfe8 11. Bf4 Qd7 12. c3 Na5 13. Re1 c6 14. Bg3 Ng6
15. Qc2 Bxd3 16. Qxd3 Nc4 17. b3 Nd6 18. Nf4 Nxf4 19. Bxf4 Nf5 20. Kf1 Nh4 21.
Bg3 Nf5 22. Bf4 f6 23. f3 h5 24. Rxe8+ Rxe8 25. Re1 Rxe1+ 26. Kxe1 Kf7 27. Qe2
Ne7 28. Bc1 Qf5 29. Ba3 Ng6 30. Bd6 Qb1+ 31. Kf2 Qc1 32. c4 Qc3 33. Qe3 Qb2+
34. Kf1 Qb1+ 35. Qe1 Qd3+ 36. Qe2 Qxd4 37. cxd5 Qxd5 38. Bb8 Qd4 39. g3 Ne7 40.
f4 g6 41. Qc4+ Qxc4+ 42. bxc4 Ke6 43. Bxa7 Kf5 44. Bc5 Nc8 45. Ke2 Ke4 46. a4
b6 47. Bf2 c5 48. a5 bxa5 49. Bxc5 a4 50. Kd2 f5 51. Ke2 h4 52. gxh4 Kxf4 53.
Kf2 Ke4 54. Ke2 Na7 55. Kd2 Nc6 56. Kc3 f4 57. h3 f3 58. Bf2 a3 59. Kb3 Kd3 60.
Kxa3 Kxc4 61. Kb2 Kd3 62. Kb3 Ke2 63. Bg3 Nd4+ 0-1

[Event "Krajsky prebor jednotlivcu KHSS"]
[Site "Janske Lazne"]
[Date "2015.05.05"]
[Round "1.17"]
[White "Framberk, Jan"]
[Black "Ruzickova, Radka"]
[Result "1/2-1/2"]
[WhiteElo "2050"]
[BlackElo "1777"]
[PlyCount "109"]
[EventDate "2015.05.05"]

1. e4 e6 2. d3 d5 3. Nd2 c5 4. Ngf3 Nc6 5. g3 Nf6 6. Bg2 Be7 7. O-O O-O 8. e5
Nd7 9. Re1 Qc7 10. Qe2 b6 11. Nf1 Bb7 12. Bf4 Rfd8 13. h4 Nf8 14. h5 h6 15.
N1h2 Nh7 16. Qd2 Bf8 17. Ng4 Qe7 18. Nfh2 Ng5 19. c3 d4 20. c4 Rd7 21. Nf3
Nxf3+ 22. Bxf3 Nb4 23. Be4 Bxe4 24. Rxe4 Kh8 25. Qe2 Rc8 26. Bxh6 gxh6 27. Nf6
Bg7 28. Nxd7 Qxd7 29. a3 Nc6 30. f4 Ne7 31. g4 Rg8 32. Kh2 Nc6 33. Rf1 Qe7 34.
Kh3 Qc7 35. Rg1 Ne7 36. Qf3 Bf8 37. Rge1 Qd7 38. Rf1 Nc6 39. f5 exf5 40. gxf5
Nxe5 41. Rxe5 Bd6 42. Rd5 Qc7 43. Qe4 Rg3+ 44. Kh4 Qd8+ 45. f6 Qc8 46. Rff5 Re3
47. Qg4 Bg3+ 48. Qxg3 Rxg3 49. Kxg3 Qb8+ 50. Kf3 Qe8 51. Rde5 Qa8+ 52. Kf2 Qh1
53. Re8+ Kh7 54. Re7 Qh4+ 55. Ke2 1/2-1/2

[Event "Krajsky prebor jednotlivcu KHSS"]
[Site "Janske Lazne"]
[Date "2015.05.05"]
[Round "1.18"]
[White "Tobiskova, Petra"]
[Black "Sedivy, Martin"]
[Result "0-1"]
[WhiteElo "1777"]
[BlackElo "2049"]
[PlyCount "69"]
[EventDate "2015.05.05"]

1. c4 Nf6 2. g3 c6 3. Bg2 g6 4. Nc3 Bg7 5. e4 Qc7 6. Nge2 O-O 7. O-O d6 8. d3
a5 9. Be3 e5 10. Qd2 Ng4 11. d4 Nxe3 12. Qxe3 Bg4 13. dxe5 dxe5 14. Rad1 Nd7
15. b3 Rfe8 16. Rd2 Bf8 17. Qd3 Nc5 18. Qc2 Bh6 19. Rdd1 Qb6 20. h3 Bxe2 21.
Qxe2 a4 22. bxa4 Nxa4 23. Nxa4 Rxa4 24. Rb1 Qa6 25. Rb2 Ra8 26. Rc2 Rxa2 27.
Rxa2 Qxa2 28. Qxa2 Rxa2 29. Rb1 Bf8 30. Rxb7 Bc5 31. Kh2 Bxf2 32. g4 Be3 33.
Rc7 Ra1 34. Kg3 c5 35. Ra7 0-1

[Event "Krajsky prebor jednotlivcu KHSS"]
[Site "Janske Lazne"]
[Date "2015.05.05"]
[Round "1.19"]
[White "Sobotnik, Petr"]
[Black "Jina, Lubos"]
[Result "1-0"]
[WhiteElo "2020"]
[BlackElo "1772"]
[PlyCount "97"]
[EventDate "2015.05.05"]

1. c4 Nf6 2. Nc3 e5 3. Nf3 Nc6 4. g3 d6 5. Bg2 Ne7 6. d3 c6 7. O-O Ng6 8. e4
Be7 9. Re1 O-O 10. d4 Qc7 11. Rb1 Bg4 12. d5 cxd5 13. cxd5 a6 14. h3 Bd7 15.
Be3 b5 16. Rc1 Qb7 17. Nh2 Rac8 18. Qd2 Bd8 19. Ne2 Be7 20. g4 Rxc1 21. Rxc1
Rc8 22. Ng3 Rxc1+ 23. Qxc1 Bf8 24. Bg5 Ne8 25. Nf5 f6 26. Be3 b4 27. Nf3 Qc7
28. Qxc7 Nxc7 29. Bb6 Nb5 30. Bf1 Nf4 31. Ba5 g6 32. Ng3 b3 33. axb3 Nd4 34.
Nxd4 exd4 35. Ne2 Nxe2+ 36. Bxe2 Bb5 37. Bxb5 axb5 38. Kf1 d3 39. Ke1 Bh6 40.
Bd2 Kg7 41. Bxh6+ Kxh6 42. f4 g5 43. e5 Kg7 44. exd6 Kf7 45. fxg5 fxg5 46. Kd2
Ke8 47. Kxd3 Kd7 48. Kd4 Kxd6 49. b4 1-0

[Event "Krajsky prebor jednotlivcu KHSS"]
[Site "Janske Lazne"]
[Date "2015.05.05"]
[Round "1.20"]
[White "Palla, Rostislav"]
[Black "Stradej, Vlastimil"]
[Result "0-1"]
[WhiteElo "1740"]
[BlackElo "2013"]
[PlyCount "124"]
[EventDate "2015.05.05"]

1. e4 c5 2. Nf3 a6 3. d4 cxd4 4. Nxd4 Nf6 5. Nc3 e5 6. Nb3 Bb4 7. f3 d5 8. Bd2
dxe4 9. Nxe4 Nxe4 10. fxe4 Qh4+ 11. g3 Qxe4+ 12. Qe2 Bxd2+ 13. Kxd2 Qxe2+ 14.
Bxe2 Nc6 15. Rad1 Be6 16. Nc5 O-O-O+ 17. Kc1 Nd4 18. Bd3 Bd5 19. Rhe1 f6 20.
Be4 Bxe4 21. Rxe4 Nc6 22. Rc4 Rxd1+ 23. Kxd1 Rd8+ 24. Kc1 Rd6 25. b4 Rd4 26.
Rc3 Rxb4 27. Nxa6 bxa6 28. Rxc6+ Kb7 29. Re6 Rc4 30. Re7+ Rc7 31. Re6 h5 32. h3
h4 33. gxh4 Rc3 34. Re7+ Kc6 35. Rxg7 Rxh3 36. Rg6 Rf3 37. h5 Kd6 38. h6 Ke6
39. h7 Rh3 40. Rg7 e4 41. Ra7 Ke5 42. Kd2 f5 43. c4 Kd4 44. c5 Rh2+ 45. Ke1
Kxc5 46. Rxa6 Rxh7 47. Ra5+ Kd4 48. Rxf5 Ke3 49. Kd1 Rh2 50. a4 Ra2 51. a5 Ra1+
52. Kc2 Ke2 53. Rh5 e3 54. Rh2+ Kf3 55. Rh3+ Kf2 56. Rh2+ Kg3 57. Re2 Kf3 58.
Rh2 e2 59. Rh3+ Kg2 60. Re3 Kf2 61. Re5 e1=Q 62. Rxe1 Kxe1 0-1

[Event "Krajsky prebor jednotlivcu KHSS"]
[Site "Janske Lazne"]
[Date "2015.05.05"]
[Round "1.21"]
[White "Vystrcil, Martin"]
[Black "Kabelka, Ondrej"]
[Result "1/2-1/2"]
[WhiteElo "1999"]
[BlackElo "1737"]
[PlyCount "134"]
[EventDate "2015.05.05"]

1. e4 e6 2. d4 d5 3. Nd2 Nc6 4. Ngf3 Nf6 5. Bd3 Nb4 6. Qe2 Nxd3+ 7. Qxd3 c5 8.
dxc5 Bxc5 9. Qb5+ Nd7 10. exd5 exd5 11. O-O O-O 12. Nb3 Bd6 13. Qxd5 Nf6 14.
Qd3 Qc7 15. Rd1 Be7 16. Nbd4 Bg4 17. c3 Rad8 18. Bg5 Rd5 19. Bh4 Rfd8 20. h3
Bh5 21. Qe3 R5d7 22. Bg3 Qb6 23. Rd2 Nd5 24. Qd3 Bd6 25. Bxd6 Rxd6 26. Ne5 Bg6
27. Qe2 Rf6 28. Nd7 Nf4 29. Nxf6+ Qxf6 30. Qf3 Re8 31. Ne2 Nxe2+ 32. Rxe2 Rxe2
33. Qxe2 h6 34. Re1 a6 35. Qe5 Qb6 36. b4 Kh7 37. a3 Bd3 38. Qd4 Qg6 39. Re3
Bb5 40. Kh2 f6 41. Qe4 f5 42. Qf4 Bc6 43. f3 Qf6 44. Re5 Bd7 45. g4 Qh4 46. Qg3
Qf6 47. gxf5 Kh8 48. Qf4 Kh7 49. c4 Kh8 50. c5 Kh7 51. Qe4 Bc6 52. Qe2 Bb5 53.
Qe3 Bd7 54. Rd5 Bc6 55. Rd6 Qb2+ 56. Rd2 Qf6 57. Qd4 Qg5 58. Qd6 Be8 59. Re2
Bh5 60. Rf2 Qxf5 61. Kg2 Bg6 62. Qg3 Qd3 63. f4 Be4+ 64. Kh2 Qb1 65. Qg1 Qd3
66. Qg3 Qb1 67. Qg1 Qd3 1/2-1/2

[Event "Krajsky prebor jednotlivcu KHSS"]
[Site "Janske Lazne"]
[Date "2015.05.05"]
[Round "1.22"]
[White "Vit, Jakub"]
[Black "Pychova, Nela"]
[Result "1-0"]
[WhiteElo "1720"]
[BlackElo "1980"]
[PlyCount "109"]
[EventDate "2015.05.05"]

1. c4 e5 2. Nc3 Bb4 3. g3 Nf6 4. Bg2 O-O 5. e3 Re8 6. Nge2 c6 7. a3 Bxc3 8.
Nxc3 d6 9. d4 e4 10. O-O Bf5 11. b4 Qd7 12. Qc2 h5 13. Rd1 Bg4 14. Rd2 Qf5 15.
d5 Bh3 16. Bh1 Nbd7 17. Qd1 Bg4 18. Qf1 Ne5 19. dxc6 bxc6 20. Rxd6 Rad8 21. Rd4
Bh3 22. Qd1 Rxd4 23. exd4 Nxc4 24. Qe2 Nd6 25. Bf4 Nc8 26. Re1 Bg4 27. Qc4 g5
28. Be5 Bf3 29. Bxf6 Qxf6 30. Bxf3 Qxf3 31. Qxc6 Rf8 32. Qc5 f6 33. Qd5+ Kg7
34. Qd7+ Kg6 35. Nxe4 Qxa3 36. Qb5 a6 37. Qc5 Re8 38. Qc1 Qxb4 39. Qd1 f5 40.
Nd2 Qb5 41. Rxe8 Qxe8 42. Nf3 Qe6 43. Qc1 f4 44. Qc2+ Kh6 45. Qc5 Qf6 46. Qxc8
fxg3 47. hxg3 Qxf3 48. Qe6+ Kg7 49. d5 Qf7 50. Qe5+ Qf6 51. Qc7+ Qf7 52. d6 Kg6
53. d7 Qe6 54. Qc2+ Kg7 55. Qc3+ 1-0

[Event "Krajsky prebor jednotlivcu KHSS"]
[Site "Janske Lazne"]
[Date "2015.05.05"]
[Round "1.23"]
[White "Matejovsky, Ondrej"]
[Black "Svec, Ludek"]
[Result "1-0"]
[WhiteElo "1975"]
[BlackElo "1714"]
[PlyCount "73"]
[EventDate "2015.05.05"]

1. e4 c5 2. Nf3 e6 3. b3 Nf6 4. e5 Nd5 5. c4 Nc7 6. d4 cxd4 7. Nxd4 Bb4+ 8. Bd2
Qe7 9. Bd3 Nba6 10. O-O O-O 11. Qh5 g6 12. Qh6 Bxd2 13. Nxd2 Nc5 14. Bc2 a5 15.
f4 f5 16. N2f3 b5 17. Rad1 Bb7 18. Rfe1 Rad8 19. Re3 Qg7 20. Qxg7+ Kxg7 21.
Nxb5 Ne8 22. Nd6 Bxf3 23. Rxf3 Nxd6 24. Rxd6 Rb8 25. a3 Rb7 26. Re3 Rf7 27. b4
axb4 28. axb4 Na6 29. Rb3 Nb8 30. b5 Rf8 31. Ra3 Rc8 32. Bd3 Kf7 33. Kf2 Rc5
34. Ra8 Ke7 35. Ke3 g5 36. Kd4 Rc8 37. fxg5 1-0

[Event "Krajsky prebor jednotlivcu KHSS"]
[Site "Janske Lazne"]
[Date "2015.05.05"]
[Round "1.24"]
[White "Sadil, Jan"]
[Black "Malinovsky, Petr"]
[Result "0-1"]
[WhiteElo "1705"]
[BlackElo "1969"]
[PlyCount "62"]
[EventDate "2015.05.05"]

1. d4 d5 2. c4 e6 3. cxd5 exd5 4. Nc3 c6 5. Nf3 Bf5 6. Bf4 Bd6 7. Bg3 h6 8. e3
Nf6 9. Bd3 Bxd3 10. Qxd3 O-O 11. O-O Bxg3 12. hxg3 Nbd7 13. b4 a6 14. a4 Re8
15. Rab1 Ne4 16. b5 axb5 17. axb5 Ra3 18. Rfc1 Qa5 19. bxc6 bxc6 20. Rb7 Ndf6
21. Ne5 Rxc3 22. Qb1 Rxc1+ 23. Qxc1 Qd2 24. Qxd2 Nxd2 25. Nxf7 Nc4 26. Rc7 Kf8
27. Ne5 Nxe5 28. dxe5 Rxe5 29. Rxc6 d4 30. exd4 Re1+ 31. Kh2 Ng4+ 0-1